Valuing hotels as business entities (Record no. 69568)

MARC details
000 -LEADER
fixed length control field 01288cam a2200277 4500
001 - CONTROL NUMBER
control field ABS65213
008 - FIXED-LENGTH DATA ELEMENTS--GENERAL INFORMATION
fixed length control field 020222n2002 000 0 eng u
035 ## - SYSTEM CONTROL NUMBER
System control number (Sirsi) u116810
100 ## - MAIN ENTRY--PERSONAL NAME
Personal name Nilsson, M.
245 ## - TITLE STATEMENT
Title Valuing hotels as business entities
260 ## - PUBLICATION, DISTRIBUTION, ETC.
Date of publication, distribution, etc. 2002
490 ## - SERIES STATEMENT
Series statement Journal of Leisure Property
Volume/sequential designation 2(1) January 2002, 17-28(11)
520 ## - SUMMARY, ETC.
Summary, etc. This paper gives an evaluation of the theoretical context and practical application of different methods of hotel baluation - in particular concentrating on the methods related to the income-generating capacity of a hotel. The findings show a wide range of variation between the methods. Concludes that the 'income-base' income capitalisation methods are the most effective basis for a framework on which to derive the open market value for a hotel, but that other approaches should also be used in order to arrive at the hotel's final value.
590 ## - LOCAL NOTE (RLIN)
Local note ABS
650 ## - SUBJECT ADDED ENTRY--TOPICAL TERM
Topical term or geographic name entry element HOTEL VALUATION
650 ## - SUBJECT ADDED ENTRY--TOPICAL TERM
Topical term or geographic name entry element METHODOLOGY
650 ## - SUBJECT ADDED ENTRY--TOPICAL TERM
Topical term or geographic name entry element OPEN MARKET VALUE
650 ## - SUBJECT ADDED ENTRY--TOPICAL TERM
Topical term or geographic name entry element INCOME CAPITALISATION APPROACH
650 ## - SUBJECT ADDED ENTRY--TOPICAL TERM
Topical term or geographic name entry element LEISURE PROPERTY
650 ## - SUBJECT ADDED ENTRY--TOPICAL TERM
Topical term or geographic name entry element REPLACEMENT COSTS
650 ## - SUBJECT ADDED ENTRY--TOPICAL TERM
Topical term or geographic name entry element SALES COMPARISON
690 ## - LOCAL SUBJECT ADDED ENTRY--TOPICAL TERM (OCLC, RLIN)
Topical term or geographic name as entry element VALUATION AND INVESTMENT APPRAISAL-COMMERCIAL
700 ## - ADDED ENTRY--PERSONAL NAME
Personal name Harris, P.
700 ## - ADDED ENTRY--PERSONAL NAME
Personal name Kett, R.
942 ## - ADDED ENTRY ELEMENTS (KOHA)
Suppress in OPAC 0
Holdings
Withdrawn status Lost status Source of classification or shelving scheme Damaged status Not for loan Home library Current library Shelving location Date acquired Total Checkouts Full call number Barcode Date last seen Copy number Price effective from Koha item type
    Dewey Decimal Classification     London London Journal article 22/02/2002   ABS65213 116810-1001 06/08/2019 1 06/08/2019 Journal article